| 000 | 00785nam a22002297a 4500 | ||
|---|---|---|---|
| 999 |
_c5916 _d5916 |
||
| 003 | AR-CdUCM | ||
| 008 | 190313b ||||| |||| 00| 0 spa d | ||
| 040 |
_aMUNICIPALIDAD PROVINCIAL DEL CUSCO _cBIBLIOTECA MUNICIPAL DEL CUSCO |
||
| 082 |
_a985.2 / _bT25 |
||
| 100 |
_aTauro, Alberto _911692 |
||
| 245 | _aLa Defensa de Lima / | ||
| 260 |
_aLima : _bImprenta de la Universidad Nacional Mayor de San Marcos ; _c1979. |
||
| 300 |
_a134 páginas ; _bMapa cartográfico, tablas _c22cm |
||
| 440 |
_aSeparata de la Revista San Marcos _n20 _917416 |
||
| 500 | _aColaboración de la familia Nieto | ||
| 505 | _aContenido: Historia | ||
| 650 |
_aLima _9231 |
||
| 650 |
_aHistoria _9136 |
||
| 710 |
_aUniversidad Nacional Mayor de San Marcos _95627 |
||
| 942 |
_2ddc _cLIBROS |
||
| 945 | _anom | ||